[Event "Quebec op U2000"]
[Site "Montreal"]
[Date "2012.07.23"]
[Round "4"]
[White "Lelievre, Aldo"]
[Black "Le Bas, Nicolas"]
[Result "1-0"]
[WhiteElo "1497"]
[BlackElo "1655"]
[PlyCount "92"]
[EventDate "2012.07.21"]
[EventType "swiss"]
[EventRounds "9"]
[EventCountry "CAN"]
[SourceTitle "EXT 2022"]
[Source "ChessBase"]
[SourceDate "2021.10.06"]
[SourceVersion "1"]
[SourceVersionDate "2021.10.06"]
[SourceQuality "1"]

1. d4 Nf6 2. c4 g6 3. Nc3 Bg7 4. e4 d6 5. Nf3 0-0 6. Be2 e5 7. 0-0 Nc6 8. d5 Ne7 9. h3 a5 10. Qc2 Nd7 11. Ng5 h6 12. Nf3 f5 13. b3 Nf6 14. Bd3 f4 15. Ba3 b6 16. Rac1 g5 17. Nh2 h5 18. f3 Qe8 19. Nd1 g4 20. fxg4 hxg4 21. hxg4 Nxg4 22. Nxg4 Bxg4 23. Be2 Bh5 24. Bxh5 Qxh5 25. Rf3 Kf7 26. Nf2 Rh8 27. Rh3 Qg5 28. Qe2 Ng6 29. Qg4 Qe7 30. Rxh8 Rxh8 31. Nh3 Bf6 32. Rf1 Rg8 33. Qh5 Kf8 34. Bc1 Qg7 35. Ng5 Bxg5 36. Qxg5 Qe7 37. Qxe7+ Kxe7 38. Kf2 Nf8 39. Bd2 Nd7 40. b4 axb4 41. Bxb4 Nf6 42. Re1 Ng4+ 43. Kg1 Ne3 44. Re2 Nxc4 45. Rc2 Rxg2+ 46. Rxg2 Kf6 1-0